| 000 | 01038cam a2200229u 4500 | ||
|---|---|---|---|
| 999 |
_c357897 _d357897 |
||
| 001 | 7212202 | ||
| 003 | IT-MiSPE | ||
| 005 | 20180709154132.0 | ||
| 008 | 840214n xx 000 0 ger | ||
| 010 | _aunk83066724 | ||
| 040 |
_aIT-MiSPE _cIT-MiSPE _bita |
||
| 041 | _ager | ||
| 082 | _a193-NIE fr we (23173) | ||
| 100 | 1 |
_aNietzsche, Friedrich Wilhelm, _d1844-1900. _957251 |
|
| 245 | 0 | 0 |
_aNietzsches Werke. _bIn Zwei Bänden (Band I). _cFriedrich Wilhelm Nietzsche. |
| 260 |
_aWien _cs.d. _bBuchgemeinschaft Donauland (Lizenzausgabe) |
||
| 300 |
_a1136 p. ; _bBand I _c19 cm. |
||
| 505 | _aContiene: Leben und Werk ; Selbstdarstellungen (Aus Briefen und Auszeichnungen ; Ecce homo); Hauptwerke (Gedichte und Sprüche ; Also sprach Zarathustra ; Die Geburt der Tragödie ; Nachgelassene Schriften). | ||
| 655 |
_aFilosofo di lingua tedesca. Generalità e filosofi fino al 1920 _xFilosofi del 1800 e del 1900: Friedrich Wilhelm Nietzsche, 1844-1900 _957252 |
||
| 906 |
_a0 _bcbc _cpremunv _du _encip _f19 _gy-gencatlg |
||
| 942 |
_2ddc _cBK |
||